| 000 | 00445nam a2200157 4500 | ||
|---|---|---|---|
| 040 | _cDLC | ||
| 082 | 0 | 0 | _a610 W.B.S 1970 A054 Or. |
| 245 | 0 | 0 | _aCare of the infant and young child. |
| 260 |
_aPhiladelphia, _bW. B. Saunders Co., _c1970. |
||
| 300 |
_avi, 373-547 p. _billus., ports. _c24 cm. |
||
| 650 | 0 | _aPediatric nursing. | |
| 650 | 0 | _aOphthalmic nursing. | |
| 700 | 1 | _aRothrock, E. Cleves, | |
| 700 | 1 | _aWesseling, Elizabeth, | |
| 942 | _cEK | ||
| 999 |
_c15157 _d15157 |
||